000 00738cam2a220024100 4500
001 zam00002368
008 951128s1977 xx eng u
035 _a(Sirsi) r19744
035 _a(MACHINE)SLC.
100 _aKonczacki, J. M.
_6A80742.1
245 1 3 _aAn economic history of tropical Africa Vol. 1 & 2.
260 _c1977.
949 _aHC502
_wlcc
_i-17870
_mMAIN
_tBOOK
_lON-SHELF
949 _aHC502
_wlcc
_i-17871
_mMAIN
_tBOOK
_lON-SHELF
004 19744
591 _aClass code: H 410.
591 _aCourse: Land and labour in central Africa.
591 _aSchool: S05.
591 _aLecturer: Dr. CHIPUNGU, S.
591 _aNumber of Students: 14.
900 _2MAIN
_8HC502
_9KON
_c2
909 _aBook
999 _c168543
_d168543